000 00787nam a2200181Ia 4500
008 100921s9999 xx 000 0 und d
082 _b10651
_a133.55 थ 37
100 _aजोशी शंकर नरहर.
245 _a60 वर्षांचे पंचांग-शके 1801-1860.
260 _bचित्रशाळा प्रेस,पुणे.
_c1937
300 _a503
_b---
365 _b0
520 _aतत्वज्ञान-ज्योतिष्यशास्त्र.
630 _a60 वर्षांचे पंचांग-शके 1801-1860.
650 _aतत्वज्ञान-ज्योतिष्यशास्त्र.
730 _a60 वर्षांचे पंचांग-शके 1801-1860.
942 _cBOOK
999 _c759764
_d759761